Porovnanie vybraných metód stanovenia nákladov na vlastný kapitál

Enregistré dans:
Détails bibliographiques
Auteur principal: Kozáková, Mária, 1991-
Autres auteurs: Smorada, Marián, 1984-
Format: Chapitre de livre
Langue:anglais
Sujets:
Tags: Ajouter un tag
Pas de tags, Soyez le premier à ajouter un tag!

MARC

LEADER 00000nla a2200000 4500
001 0223994
005 20240502073651.2
041 0 |a eng 
044 |a SK 
245 1 0 |a Porovnanie vybraných metód stanovenia nákladov na vlastný kapitál  |c Mária Kozáková, Marián Smorada 
610 2 0 |a kapitál vlastný 
610 2 0 |a dlhy 
610 2 0 |a náklady 
610 2 0 |a rozhodovanie strategické 
610 2 0 |a modely 
100 1 |a Kozáková, Mária, 1991- 
700 1 |a Smorada, Marián, 1984-